000 01416nam1a22003131i 4500
001 v19\rc\1631576
005 20260406210826.0
035 _a(NLR Aleph) 004746743
090 _a4518317
_c4518317
100 _a20061002d18991899|||y0rusy50 ca
101 0 _arus
102 _aRU
105 _ay z |||||
200 1 _aОтчет о деятельности и суммах...
210 _aТула
_d1899
215 _a6 т.
300 _aЗа 1897 г. (XI г. существования...) печатался в "Тульск. епарх. ведомостях". 1898, № 7 (Шифр: 5/60)
300 _aВ отчетах за 1898-1901 указ. на отт. отсутствует
311 _aОтчеты за 1898-1902, 1904 г.: Отт. из "Тул. епарх. ведом." за 1899-1903, 1905 гг.
488 0 _12001#$aТульские епархиальные ведомости$v1899-1903, 1905
_tТульские епархиальные ведомости
710 0 2 _aТульское епархиальное братство во имя св. Иоанна Предтечи
_3RU\NLR\AUTH\889967805
_9431942
801 0 _aRU
_bNLR
_gpsbo
801 0 _aRU
_bRuMoRGB
_2psbo
801 1 _aRU
_bProSoft-M
_2rusmarc
852 _aNLR
_j20.106.7.88
852 _aNLR (1898-1904*)
_j+Шифры разные
899 _aRuMoRGB (1897)
_jVIII 46/6
899 _aRuMoRGB (1897)
_jVIII 51/6
942 _cBOOK